Central Library OPAC University of Rajshahi

Radiocarbon dating. / (Record no. 10614)

MARC details
000 -LEADER
fixed length control field 00730nam a22002531a 4500
001 - CONTROL NUMBER
control field 10614
003 - CONTROL NUMBER IDENTIFIER
rucl marc code BD-RjUL
005 - DATE AND TIME OF LATEST TRANSACTION
control field 20211208235002.0
008 - FIXED-LENGTH DATA ELEMENTS--GENERAL INFORMATION
fixed length control field 140s19r19581955enka b 000 01eng d
035 ## - SYSTEM CONTROL NUMBER
System control number (BD-RjUL)10662
040 ## - CATALOGING SOURCE
Original cataloging agency LC
Language of cataloging eng
Transcribing agency LC
Modifying agency ABN-SNR
-- BD-RjUL
041 ## - LANGUAGE CODE
Language code of text/sound track or separate title eng
082 00 - DEWEY DECIMAL CLASSIFICATION NUMBER
Classification number 539.752
Author mark and year LIR 1958
100 1# - MAIN ENTRY--PERSONAL NAME
Personal name Libby, Willard F.
9 (RLIN) 32817
245 10 - TITLE STATEMENT
Title Radiocarbon dating. /
Statement of responsibility, etc. by Willard F. Libby
250 ## - EDITION STATEMENT
Edition statement 2d ed.
260 ## - PUBLICATION, DISTRIBUTION, ETC. (IMPRINT)
Place of publication, distribution, etc. [Chicago]
Name of publisher, distributor, etc. University of Chicago Press,
Date of publication, distribution, etc. 1955 [impression 1958].
300 ## - PHYSICAL DESCRIPTION
Pagination ix, 175 p. :
Illustrations illus.
Size 24 cm.
504 ## - BIBLIOGRAPHY, ETC. NOTE
Bibliography, etc Includes bibliography and index.
650 #0 - SUBJECT ADDED ENTRY--TOPICAL TERM
Topical term or geographic name as entry element Radiocarbon dating.
9 (RLIN) 32818
942 ## - ADDED ENTRY ELEMENTS (KOHA)
Source of classification or shelving scheme Dewey Decimal Classification
Koha item type Books
Holdings
Lost status Source of classification or shelving scheme Damaged status Not for loan Collection code Permanent Location Current Location Shelving location Date acquired Source of acquisition Cost, normal purchase price Total Checkouts Full call number Date last seen Copy number Koha item type
  Dewey Decimal Classification   Not For Loan Non-fiction Central Library, University of Rajshahi Central Library, University of Rajshahi Reading Room 03/02/1961 Provincial book dept. Dacca 18.75   539.752 LIR 1958 25/01/2014 C-1 Books